000 00582nam a2200229Ia 4500
001 1151
005 20240113233447.0
007 ta
008 050202s1962 a g b000 u eng u
020 _cHB
040 _aRef.Stack
041 _aeng
082 _a001
_bC 76 K
100 _aChancellor, John .
245 0 _aKnowledge Vol.V /
_cJohn Chancellor.
_hTextual Documents
260 _aLondon :
_bKnowledge publications ,
_cc1962.
300 _a959p. :
_bill ;
_c32cm. .
653 _aEncyclopaedia - Knowlwdge
942 _2ddc
_cBK
999 _c1148
_d1148